000 00531nmm a2200157Ia 4500
008 251105s9999||||xx |||||||||||||||||und||
020 _a9789562605793
041 _aspa
100 _aJeftanovic, Andrea
245 0 _aHablan los hijos : discursos y estéticas de la perspectiva infantil en la literatura contemporánea
264 _a[Santiago de Chile, Chile] :
_bCuarto Propio,
_c2012
300 _a307 páginas
650 _aLatin American literature
856 _uhttps://public.digitaliapublishing.com/a/38320
942 _cCF
999 _c94254
_d94254